| 000 | 01293cam a2200373 a 4500 | ||
|---|---|---|---|
| 001 | 17213538 | ||
| 005 | 20170105102919.0 | ||
| 008 | 120316s2012 nyua b 001 0 eng | ||
| 010 | _a 2012009537 | ||
| 020 | _a9780230321649 (hbk.) | ||
| 020 | _a9780230291881 (pbk.) | ||
| 040 |
_aDLC _cDLC _dDLC |
||
| 041 | 1 |
_aeng _hger |
|
| 042 | _apcc | ||
| 050 | 0 | 0 |
_aJZ1308 _b.R5813 2012 |
| 082 | 0 | 0 |
_a341.2 _223 |
| 100 | 1 |
_aRittberger, Volker, _d1941-2011. |
|
| 240 | 1 | 0 |
_aInternationale Organisationen. _lEnglish |
| 245 | 1 | 0 |
_aInternational organization / _cVolker Rittberger, Bernhard Zangl, Andreas Kruck. |
| 250 | _a2nd ed. | ||
| 260 |
_aHoundmills, Basingstoke, Hampshire, UK ; _aNew York, NY : _bPalgrave Macmillan, _c2012. |
||
| 300 |
_axx, 330 p. : _bill. ; _c24 cm. |
||
| 504 | _aIncludes bibliographical references (p. 277-316) and index. | ||
| 650 | 0 | _aInternational organization. | |
| 650 | 0 | _aInternational relations. | |
| 650 | 0 | _aSecurity, International. | |
| 650 | 0 | _aWorld politics. | |
| 650 | 0 | _aHuman rights. | |
| 700 | 1 |
_aZangl, Bernhard, _d1967- |
|
| 700 | 1 |
_aKruck, Andreas, _d1981- |
|
| 906 |
_a7 _bcbc _corignew _d1 _eecip _f20 _gy-gencatlg |
||
| 942 |
_2ddc _cBK |
||
| 999 |
_c15483 _d15483 |
||